| 000 | 00562nam a22001937a 4500 | ||
|---|---|---|---|
| 999 |
_c10311 _d10311 |
||
| 003 | AR-CdUCM | ||
| 008 | 190329b ||||| |||| 00| 0 spa d | ||
| 040 |
_aMUNICIPALIDAD PROVINCIAL DEL CUSCO _cBIBLIOTECA MUNICIPAL DEL CUSCO |
||
| 082 |
_aES / 800 / _bV19 |
||
| 100 |
_aValmiki _920989 |
||
| 245 | _aRamayana / | ||
| 260 |
_aBarcelona ; _bMateu ; _c1964. |
||
| 300 |
_a238 páginas ; _c19cm |
||
| 440 |
_aColección Clásicos Cadete _926535 |
||
| 505 | _aContenido: Novela | ||
| 650 |
_aLiteratura universal _9611 |
||
| 942 |
_2ddc _cLIBROS |
||
| 945 | _anom | ||